[Event "SC-2013-0-00192"]
[Site "LSS email"]
[Date "2013.08.06"]
[Round "?"]
[White "Amartsev, Petr"]
[Black "Correa de Almeida, Claudio"]
[Result "0-1"]
[WhiteElo "1892"]
[BlackElo "1664"]
[PlyCount "86"]
[EventDate "2013.06.17"]
[EventType "tourn (corr)"]
[EventRounds "6"]
[EventCountry "GER"]
[SourceTitle "Corr 2022"]
[Source "ChessBase"]
[SourceDate "2021.10.24"]
[SourceVersion "1"]
[SourceVersionDate "2021.10.24"]
[SourceQuality "1"]

1. e4 c5 2. Nf3 d6 3. d4 cxd4 4. Nxd4 Nf6 5. Nc3 a6 6. Be3 e5 7. Nb3 Be6 8. Qd2 Nbd7 9. f3 Be7 10. 0-0-0 h5 11. Kb1 b5 12. a3 Qc7 13. Nc1 Nb6 14. N1a2 d5 15. Bxb6 Qxb6 16. Nxd5 Bxd5 17. exd5 0-0 18. Bd3 a5 19. Rhe1 Bd6 20. Qe3 Qb7 21. Qg5 Rac8 22. Nc1 Rc5 23. Be4 Qc7 24. Re2 Rc8 25. Qd2 Nxe4 26. fxe4 Rc4 27. Rf1 b4 28. a4 h4 29. Nd3 f6 30. b3 Rc3 31. Qd1 Qd7 32. Rf3 Kf7 33. Rd2 Ke7 34. Rf5 g6 35. Rf1 Rf8 36. Rdf2 Qc8 37. g3 h3 38. g4 g5 39. Rf5 Rf7 40. Qf3 Qf8 41. Qxh3 Qg7 42. Qg2 Qh8 43. h4 gxh4 0-1

[Event "SC-2013-0-00192"]
[Site "LSS email"]
[Date "2013.08.04"]
[Round "?"]
[White "Amartsev, Petr"]
[Black "Albesa, Alfredo"]
[Result "1/2-1/2"]
[WhiteElo "1892"]
[BlackElo "1793"]
[PlyCount "51"]
[EventDate "2013.06.17"]
[EventType "tourn (corr)"]
[EventRounds "6"]
[EventCountry "GER"]
[SourceTitle "Corr 2022"]
[Source "ChessBase"]
[SourceDate "2021.10.24"]
[SourceVersion "1"]
[SourceVersionDate "2021.10.24"]
[SourceQuality "1"]

1. e4 c5 2. Nf3 d6 3. d4 cxd4 4. Nxd4 Nf6 5. Nc3 g6 6. Be3 Bg7 7. f3 0-0 8. Qd2 Nc6 9. Bc4 Bd7 10. 0-0-0 Rc8 11. Bb3 Ne5 12. h4 h5 13. Kb1 Nc4 14. Bxc4 Rxc4 15. Nde2 b5 16. Bg5 b4 17. Bxf6 Bxf6 18. Nd5 Bg7 19. b3 Rc5 20. Nxb4 a5 21. Nd5 Bc6 22. Qe3 e6 23. Ndf4 Bb7 24. Qxc5 dxc5 25. Rxd8 Rxd8 26. Nd3 1/2-1/2

[Event "RC-2013-0-00124"]
[Site "LSS email"]
[Date "2013.07.28"]
[Round "?"]
[White "Amartsev, Petr"]
[Black "Germanes, Ramil"]
[Result "1/2-1/2"]
[WhiteElo "1779"]
[BlackElo "1848"]
[PlyCount "111"]
[EventDate "2013.06.06"]
[EventType "tourn (corr)"]
[EventRounds "6"]
[EventCountry "GER"]
[SourceTitle "Telechess CBM 163"]
[Source "ChessBase"]
[SourceDate "2014.11.11"]
[SourceVersion "2"]
[SourceVersionDate "2014.11.11"]
[SourceQuality "1"]

1. e4 c5 2. Nf3 d6 3. d4 cxd4 4. Nxd4 Nf6 5. Nc3 a6 6. Be3 e5 7. Nb3 Be6 8. f3 Nbd7 9. Qd2 b5 10. 0-0-0 Be7 11. g4 h6 12. h4 Nb6 13. Qf2 Nfd7 14. Kb1 Nc4 15. Bc1 Qb6 16. Qe1 Nf6 17. Bxc4 bxc4 18. Nd2 Qc6 19. g5 Nd7 20. gxh6 Rxh6 21. Nf1 Rh5 22. Ng3 Rh7 23. Qd2 Rb8 24. h5 Nc5 25. h6 g6 26. f4 Bg4 27. Rdf1 Na4 28. Nxa4 Qxa4 29. fxe5 c3 30. Qxc3 Rc8 31. Qd3 dxe5 32. b3 Qb4 33. Bb2 Qd6 34. Qe3 Qc5 35. Qc1 a5 36. a4 Bf8 37. Rf6 Rd8 38. Ka2 Be7 39. Ra6 Be6 40. Ba3 Qf2 41. Bxe7 Kxe7 42. Nf1 Qf3 43. Rh2 Qxe4 44. Rxa5 Qf4 45. Qa3+ Kf6 46. Qb2 Ke7 47. Qxe5 Qxe5 48. Rxe5 Rdh8 49. a5 Rxh6 50. Rxh6 Rxh6 51. Kb2 Kd6 52. Rb5 Rh5 53. c4 Kc6 54. Rxh5 gxh5 55. Kc3 Kb7 56. Kd4 1/2-1/2

[Event "RC-2013-0-00124"]
[Site "LSS email"]
[Date "2013.07.28"]
[Round "?"]
[White "Bokros, Janos"]
[Black "Amartsev, Petr"]
[Result "0-1"]
[WhiteElo "1704"]
[BlackElo "1779"]
[PlyCount "31"]
[EventDate "2013.06.06"]
[EventType "tourn (corr)"]
[EventRounds "6"]
[EventCountry "GER"]
[SourceTitle "Corr 2015"]
[Source "ChessBase"]
[SourceDate "2015.07.17"]
[SourceVersion "1"]
[SourceVersionDate "2015.07.17"]
[SourceQuality "1"]

1. e4 e5 2. Nf3 Nc6 3. Bc4 Nf6 4. Nc3 Bc5 5. 0-0 d6 6. d3 h6 7. Na4 Bb6 8. Nxb6 axb6 9. a4 Bg4 10. c3 Qe7 11. h3 Be6 12. Bxe6 Qxe6 13. d4 Qc4 14. Re1 0-0 15. d5 Ne7 16. Qb3 0-1

[Event "RC-2013-0-00124"]
[Site "LSS email"]
[Date "2013.07.28"]
[Round "?"]
[White "Korostenski, Frank"]
[Black "Amartsev, Petr"]
[Result "0-1"]
[WhiteElo "1675"]
[BlackElo "1779"]
[PlyCount "28"]
[EventDate "2013.06.06"]
[EventType "tourn (corr)"]
[EventRounds "6"]
[EventCountry "GER"]
[SourceTitle "Corr 2015"]
[Source "ChessBase"]
[SourceDate "2015.07.17"]
[SourceVersion "1"]
[SourceVersionDate "2015.07.17"]
[SourceQuality "1"]

1. e4 e5 2. Nc3 Nf6 3. g3 Bc5 4. Bg2 0-0 5. Nge2 Nc6 6. Na4 Be7 7. d4 d5 8. exd5 Nxd5 9. 0-0 Bg4 10. dxe5 Ndb4 11. Nac3 Qxd1 12. Rxd1 Nxc2 13. Rb1 Rad8 14. h3 Rxd1+ 0-1

[Event "LSS No Engine Cup 75 Preliminary 2"]
[Site "LSS email"]
[Date "2012.10.27"]
[Round "?"]
[White "Amartsev, Petr"]
[Black "Lombardi, Donato"]
[Result "1-0"]
[WhiteElo "1762"]
[BlackElo "907"]
[PlyCount "49"]
[EventDate "2012.10.28"]
[EventType "tourn (corr)"]
[EventRounds "6"]
[EventCountry "GER"]
[SourceTitle "Telechess CBM 163"]
[Source "ChessBase"]
[SourceDate "2014.11.11"]
[SourceVersion "2"]
[SourceVersionDate "2014.11.11"]
[SourceQuality "1"]

1. e4 e6 2. d4 d5 3. Nc3 Nf6 4. Bg5 Be7 5. e5 Nfd7 6. Bxe7 Qxe7 7. f4 a6 8. Nf3 0-0 9. Bd3 h6 10. Ne2 c5 11. c3 Nc6 12. Rc1 b5 13. 0-0 c4 14. Bb1 a5 15. Ng3 b4 16. f5 exf5 17. Nxf5 Qe8 18. Qc2 g6 19. Nxh6+ Kg7 20. Nxf7 Qxf7 21. Ng5 Qe7 22. Qxg6+ Kh8 23. Nf7+ Rxf7 24. Rxf7 Nf8 25. Qh6+ 1-0

[Event "SC-2012-0-00158"]
[Site "LSS email"]
[Date "2012.10.01"]
[Round "?"]
[White "Korostenski, Frank"]
[Black "Amartsev, Petr"]
[Result "1/2-1/2"]
[WhiteElo "1662"]
[BlackElo "1768"]
[PlyCount "60"]
[EventDate "2012.08.20"]
[EventType "tourn (corr)"]
[EventRounds "6"]
[EventCountry "GER"]
[SourceTitle "Telechess CBM 161"]
[Source "ChessBase"]
[SourceDate "2014.07.16"]
[SourceVersion "1"]
[SourceVersionDate "2014.07.16"]
[SourceQuality "1"]

1. e4 e5 2. Nf3 Nc6 3. Nc3 Nf6 4. g3 Bc5 5. Bg2 d6 6. 0-0 0-0 7. d3 h6 8. Nd5 Be6 9. Nh4 Bxd5 10. exd5 Ne7 11. c4 c6 12. dxc6 bxc6 13. Nf3 Nf5 14. Nd2 Nd4 15. Nb3 Qd7 16. Nxc5 dxc5 17. b3 Rfe8 18. Ba3 Qd6 19. Re1 Re6 20. Qd2 e4 21. Rad1 Rd8 22. Qa5 exd3 23. Bxc5 Rxe1+ 24. Rxe1 Qd7 25. Bxd4 Qxd4 26. Qd2 Rd6 27. Re3 Nd7 28. Re8+ Kh7 29. Re4 Qa1+ 30. Re1 Qd4 1/2-1/2

[Event "SC-2012-0-00158"]
[Site "LSS email"]
[Date "2012.09.30"]
[Round "?"]
[White "Willmann, Bernd"]
[Black "Amartsev, Petr"]
[Result "1/2-1/2"]
[WhiteElo "1908"]
[BlackElo "1768"]
[PlyCount "65"]
[EventDate "2012.08.20"]
[EventType "tourn (corr)"]
[EventRounds "6"]
[EventCountry "GER"]
[SourceTitle "Telechess CBM 161"]
[Source "ChessBase"]
[SourceDate "2014.07.16"]
[SourceVersion "1"]
[SourceVersionDate "2014.07.16"]
[SourceQuality "1"]

1. c4 Nf6 2. Nc3 e6 3. e4 d5 4. e5 d4 5. exf6 dxc3 6. fxg7 cxd2+ 7. Bxd2 Bxg7 8. Qc2 Qe7 9. Nf3 Nc6 10. Bd3 Bd7 11. Qb3 0-0-0 12. 0-0 h6 13. Rae1 e5 14. Be4 f5 15. Bd5 e4 16. Bc3 Bxc3 17. Qxc3 Nb4 18. Ne5 Nxd5 19. cxd5 Rhg8 20. Rc1 Bb5 21. Rfd1 Kb8 22. f4 exf3 23. Nxf3 f4 24. Kh1 Qd6 25. Nd4 Bd7 26. Qb3 Qg6 27. Rd2 Rde8 28. Qc3 Qd6 29. Ne6 f3 30. gxf3 Bxe6 31. dxe6 Qxe6 32. Qxc7+ Ka8 33. Rf1 1/2-1/2

[Event "RC-2012-0-00104"]
[Site "LSS email"]
[Date "2012.09.28"]
[Round "?"]
[White "Amartsev, Petr"]
[Black "Korostenski, Frank"]
[Result "1/2-1/2"]
[WhiteElo "1762"]
[BlackElo "1698"]
[PlyCount "62"]
[EventDate "2012.07.17"]
[EventType "tourn (corr)"]
[EventRounds "6"]
[EventCountry "GER"]
[SourceTitle "Telechess CBM 159"]
[Source "ChessBase"]
[SourceDate "2014.03.17"]
[SourceVersion "1"]
[SourceVersionDate "2014.03.17"]
[SourceQuality "1"]

1. e4 c5 2. Nf3 Nf6 3. e5 Nd5 4. Nc3 e6 5. Bc4 Nb6 6. d3 Nc6 7. Bg5 f6 8. exf6 gxf6 9. Bh4 d5 10. Bb5 Bd6 11. a4 a5 12. 0-0 0-0 13. d4 cxd4 14. Nxd4 Qc7 15. Kh1 Nxd4 16. Qxd4 Be5 17. Qg4+ Qg7 18. Qe2 Bd7 19. Nd1 Bc7 20. f4 d4 21. Rf3 Kh8 22. Bxd7 Qxd7 23. c3 Nxa4 24. cxd4 Nb6 25. Nc3 Nd5 26. Re1 Rae8 27. Qc2 Bd8 28. Nxd5 exd5 29. Rfe3 Kg7 30. h3 Rxe3 31. Rxe3 Re8 1/2-1/2

[Event "RC-2012-0-00104"]
[Site "LSS email"]
[Date "2012.09.27"]
[Round "?"]
[White "Amartsev, Petr"]
[Black "Ballero, Andrea"]
[Result "0-1"]
[WhiteElo "1762"]
[BlackElo "1529"]
[PlyCount "70"]
[EventDate "2012.07.17"]
[EventType "tourn (corr)"]
[EventRounds "6"]
[EventCountry "GER"]
[SourceTitle "Telechess CBM 159"]
[Source "ChessBase"]
[SourceDate "2014.03.17"]
[SourceVersion "1"]
[SourceVersionDate "2014.03.17"]
[SourceQuality "1"]

1. e4 c6 2. d4 d5 3. e5 Bf5 4. Nc3 e6 5. g4 Bg6 6. Nge2 c5 7. h4 h5 8. Nf4 Bh7 9. g5 cxd4 10. Nb5 Be4 11. f3 Bf5 12. Nxd4 Ne7 13. Nxf5 Nxf5 14. Bh3 Qc7 15. Qd3 g6 16. Bxf5 gxf5 17. Bd2 Nc6 18. 0-0-0 Bg7 19. g6 Nxe5 20. Qb5+ Qd7 21. gxf7+ Kxf7 22. Qb3 Rac8 23. Rhg1 Rhg8 24. Kb1 Bf6 25. Rxg8 Rxg8 26. Nxh5 Bxh4 27. Bf4 Ng6 28. Bg3 Be7 29. Qd3 Qc6 30. Qe2 Qa6 31. Qe1 Bg5 32. f4 Be7 33. Rd3 Qa4 34. Qd1 Qe4 35. Bf2 b6 0-1

[Event "OP-2011-0-01798"]
[Site "LSS email"]
[Date "2011.10.01"]
[Round "?"]
[White "Vontina, Maria"]
[Black "Amartsev, Petr"]
[Result "0-1"]
[WhiteElo "758"]
[BlackElo "1730"]
[PlyCount "66"]
[EventDate "2011.09.28"]
[EventType "tourn (corr)"]
[EventRounds "4"]
[EventCountry "GER"]
[SourceTitle "Telechess CBM 157"]
[Source "ChessBase"]
[SourceDate "2013.11.12"]
[SourceVersion "1"]
[SourceVersionDate "2013.11.12"]
[SourceQuality "1"]

1. e4 e6 2. d4 d5 3. Nc3 Bb4 4. e5 c5 5. a3 Bxc3+ 6. bxc3 Qc7 7. Bd2 Ne7 8. Nf3 Qa5 9. Be2 c4 10. 0-0 Qa4 11. h3 Nf5 12. Nh2 Nc6 13. Nf3 b6 14. Qb1 0-0 15. Qb2 Ba6 16. Qc1 Bb7 17. Nh2 h6 18. g4 Nfe7 19. f4 Bc8 20. Qb2 Bd7 21. h4 Qa5 22. g5 Nxd4 23. cxd4 Qxd2 24. Bg4 c3 25. Qb4 Nc6 26. Qb3 Nxd4 27. Qb1 Ba4 28. Rf2 Bxc2 29. Rxd2 Bxb1 30. Rxb1 cxd2 31. Nf3 Ne2+ 32. Kf2 Nc3 33. Ra1 d1Q 0-1

[Event "LSS No Engine Cup 48 Preliminary 6"]
[Site "LSS email"]
[Date "2011.08.12"]
[Round "?"]
[White "Amartsev, Petr"]
[Black "Koci, Vlastimil"]
[Result "0-1"]
[WhiteElo "1730"]
[BlackElo "1484"]
[PlyCount "76"]
[EventDate "2011.08.13"]
[EventType "tourn (corr)"]
[EventRounds "6"]
[EventCountry "GER"]
[SourceTitle "Telechess CBM 157"]
[Source "ChessBase"]
[SourceDate "2013.11.12"]
[SourceVersion "1"]
[SourceVersionDate "2013.11.12"]
[SourceQuality "1"]

1. e4 e5 2. Nf3 Nf6 3. Nxe5 Qe7 4. Nf3 Qxe4+ 5. Be2 Be7 6. 0-0 Qb4 7. a3 Qb6 8. d4 d5 9. c4 0-0 10. c5 Qc6 11. Nc3 b6 12. b4 Qb7 13. Qc2 Bg4 14. Bf4 c6 15. Rfe1 Re8 16. h3 Bh5 17. Ne5 Bxe2 18. Rxe2 Nbd7 19. Rae1 Bf8 20. Nxd7 Qxd7 21. Be5 bxc5 22. bxc5 Re6 23. f4 Rae8 24. f5 R6e7 25. Qb1 Qd8 26. Bxf6 gxf6 27. Qc1 Kh8 28. Kf2 Qc7 29. Rxe7 Bxe7 30. Qe3 Qb7 31. g4 Qb3 32. Qc1 Qb7 33. Kg2 Rg8 34. Ne2 Bd8 35. Ng3 Qb3 36. Re3 Qa2+ 37. Re2 Qb3 38. Qb2 Qa4 0-1

[Event "BI-2011-P-00021"]
[Site "LSS email"]
[Date "2011.04.17"]
[Round "?"]
[White "Amartsev, Petr"]
[Black "Plummer, Martin"]
[Result "1-0"]
[WhiteElo "1771"]
[BlackElo "1058"]
[PlyCount "51"]
[EventDate "2011.04.20"]
[EventType "tourn (corr)"]
[EventRounds "10"]
[EventCountry "GER"]
[SourceTitle "Telechess CBM 157"]
[Source "ChessBase"]
[SourceDate "2013.11.12"]
[SourceVersion "1"]
[SourceVersionDate "2013.11.12"]
[SourceQuality "1"]

1. e4 c5 2. Nf3 Nc6 3. d4 cxd4 4. Nxd4 a6 5. Nc3 Nf6 6. Be3 d6 7. f3 Bd7 8. Be2 e6 9. Qd2 Nxd4 10. Bxd4 Bc6 11. 0-0-0 Qc7 12. g4 0-0-0 13. Rhf1 Be7 14. Qe3 Rd7 15. g5 Ne8 16. Bb6 Qb8 17. f4 h6 18. g6 fxg6 19. Bc4 Nc7 20. Bxc7 Rxc7 21. Bxe6+ Kd8 22. e5 d5 23. Nxd5 Bxd5 24. Rxd5+ Ke8 25. Qe4 Bf8 26. Qxg6+ 1-0

[Event "SC-2011-0-00098"]
[Site "LSS email"]
[Date "2011.04.13"]
[Round "?"]
[White "Amartsev, Petr"]
[Black "Bascetta, Biagio J"]
[Result "1-0"]
[WhiteElo "1730"]
[BlackElo "1693"]
[PlyCount "85"]
[EventDate "2011.03.19"]
[EventType "tourn (corr)"]
[EventRounds "6"]
[EventCountry "GER"]
[SourceTitle "Telechess CBM 157"]
[Source "ChessBase"]
[SourceDate "2013.11.12"]
[SourceVersion "1"]
[SourceVersionDate "2013.11.12"]
[SourceQuality "1"]

1. e4 c5 2. Nf3 e6 3. d4 cxd4 4. Nxd4 Nf6 5. Nc3 Bb4 6. e5 Nd5 7. Qg4 0-0 8. Bh6 g6 9. Bxf8 Qxf8 10. Nde2 Nc6 11. Qg3 Qc5 12. a3 Ba5 13. 0-0-0 Nxc3 14. Nxc3 Qxe5 15. Qxe5 Nxe5 16. Be2 d5 17. f4 Nc6 18. h4 h5 19. g4 hxg4 20. Bxg4 Bb6 21. Kb1 Be3 22. Ne2 Kg7 23. Rh3 Bc5 24. h5 Ne7 25. hxg6 Nxg6 26. Rf1 Ne7 27. Rfh1 Bd7 28. Rh7+ Kf6 29. R1h6+ Ng6 30. Ng3 Rg8 31. Nh5+ Ke7 32. Rxf7+ Kxf7 33. Rh7+ Kf8 34. Rxd7 Rh8 35. Rxb7 Rh6 36. Nf6 Bd4 37. Nh7+ Ke8 38. c3 Be3 39. Nf6+ Kd8 40. Be2 Rh1+ 41. Ka2 Nf8 42. f5 Bg5 43. Ng8 1-0

[Event "SC-2011-0-00098"]
[Site "LSS email"]
[Date "2011.04.13"]
[Round "?"]
[White "Amartsev, Petr"]
[Black "Ferluga, Sergio"]
[Result "1-0"]
[WhiteElo "1730"]
[BlackElo "1261"]
[PlyCount "50"]
[EventDate "2011.03.19"]
[EventType "tourn (corr)"]
[EventRounds "6"]
[EventCountry "GER"]
[SourceTitle "Telechess CBM 157"]
[Source "ChessBase"]
[SourceDate "2013.11.12"]
[SourceVersion "1"]
[SourceVersionDate "2013.11.12"]
[SourceQuality "1"]

1. e4 Nc6 2. Nf3 d6 3. d4 Nf6 4. Nc3 Bg4 5. Be3 e5 6. d5 Ne7 7. Qd3 a6 8. 0-0-0 Ng6 9. h3 Bd7 10. Be2 Be7 11. a3 0-0 12. g3 Qc8 13. Nd2 c5 14. dxc6 Qxc6 15. h4 Ng4 16. h5 Nxe3 17. Qxe3 Nh8 18. h6 g6 19. Nd5 Rae8 20. Nc4 Be6 21. Na5 Qd7 22. Nxe7+ Rxe7 23. Qb6 Qc8 24. Rxd6 Rc7 25. c3 Ba2 1-0

[Event "SC-2011-0-00098"]
[Site "LSS email"]
[Date "2011.04.13"]
[Round "?"]
[White "Amartsev, Petr"]
[Black "Lannoy, Jean Claude Albert"]
[Result "0-1"]
[WhiteElo "1730"]
[BlackElo "1811"]
[PlyCount "110"]
[EventDate "2011.03.19"]
[EventType "tourn (corr)"]
[EventRounds "6"]
[EventCountry "GER"]
[SourceTitle "Telechess CBM 157"]
[Source "ChessBase"]
[SourceDate "2013.11.12"]
[SourceVersion "1"]
[SourceVersionDate "2013.11.12"]
[SourceQuality "1"]

1. e4 c5 2. Nf3 e6 3. d4 cxd4 4. Nxd4 Nf6 5. Nc3 Nc6 6. Ndb5 d6 7. Bf4 e5 8. Bg5 a6 9. Na3 b5 10. Bxf6 gxf6 11. Nd5 f5 12. Bd3 Be6 13. 0-0 Bxd5 14. exd5 Ne7 15. Nxb5 Bg7 16. Nc3 e4 17. Bc4 Qc7 18. Qe2 Bxc3 19. bxc3 0-0 20. a4 Qa5 21. Qe3 Rfc8 22. Bb3 Ng6 23. c4 Re8 24. Rae1 Re5 25. Qd4 Rae8 26. Re3 f4 27. Rh3 Qb4 28. Qd1 e3 29. fxe3 fxe3 30. Qe2 Rg5 31. Rhf3 Nh4 32. Rg3 Rxg3 33. hxg3 Ng6 34. Qf3 Re7 35. Qe2 Re4 36. Qe1 Qc5 37. Qe2 Qd4 38. Rd1 Qe5 39. Rf1 Qxg3 40. Qf3 Qxf3 41. gxf3 Rf4 42. Kg2 Ne5 43. c5 dxc5 44. Re1 Rxf3 45. d6 c4 46. d7 Rf2+ 47. Kg3 Rd2 48. Ba2 Rxd7 49. Rxe3 f6 50. Re4 Rc7 51. c3 Kf7 52. Rh4 Kg6 53. Bb1+ f5 54. Rf4 Nd3 55. Rd4 Kg5 0-1

[Event "LSS No Engine Cup 36 Preliminary 5"]
[Site "LSS email"]
[Date "2011.02.04"]
[Round "?"]
[White "Amartsev, Petr"]
[Black "Oberlaender, Rolf"]
[Result "1-0"]
[WhiteElo "1761"]
[BlackElo "704"]
[PlyCount "41"]
[EventDate "2011.02.05"]
[EventType "tourn (corr)"]
[EventRounds "6"]
[EventCountry "GER"]
[SourceTitle "Telechess CBM 151"]
[Source "ChessBase"]
[SourceDate "2012.11.13"]
[SourceVersion "1"]
[SourceVersionDate "2012.11.13"]
[SourceQuality "1"]

1. e4 e5 2. Nf3 Nf6 3. Nxe5 d6 4. Nf3 Nxe4 5. d4 d5 6. Bd3 Nf6 7. 0-0 Nc6 8. Re1+ Be6 9. Bf5 Qd6 10. Bxe6 fxe6 11. Ng5 Qd7 12. Nxe6 Be7 13. Bf4 Ne4 14. Nxc7+ Kf7 15. Nxa8 Rxa8 16. Nd2 Qf5 17. Nxe4 Qxf4 18. Qh5+ Kg8 19. Qxd5+ Kf8 20. Nc5 Rd8 21. Ne6+ 1-0

[Event "LSS No Engine Cup 36 Preliminary 5"]
[Site "LSS email"]
[Date "2011.02.04"]
[Round "?"]
[White "Amartsev, Petr"]
[Black "Warnecke, Detlef"]
[Result "1-0"]
[WhiteElo "1761"]
[BlackElo "1054"]
[PlyCount "53"]
[EventDate "2011.02.05"]
[EventType "tourn (corr)"]
[EventRounds "6"]
[EventCountry "GER"]
[SourceTitle "Telechess CBM 151"]
[Source "ChessBase"]
[SourceDate "2012.11.13"]
[SourceVersion "1"]
[SourceVersionDate "2012.11.13"]
[SourceQuality "1"]

1. e4 e5 2. Nf3 Nc6 3. Bb5 a6 4. Ba4 Nf6 5. 0-0 b5 6. Bb3 Be7 7. Re1 0-0 8. c3 d6 9. h3 Be6 10. d4 Na5 11. Bc2 Nc4 12. Nbd2 Nxd2 13. Bxd2 c6 14. dxe5 dxe5 15. Nxe5 Qc7 16. Nf3 Rad8 17. e5 Nd5 18. Qe2 c5 19. a4 c4 20. Red1 Bc5 21. axb5 axb5 22. Bxh7+ Kxh7 23. Ng5+ Kg6 24. h4 Rh8 25. h5+ Rxh5 26. Nxe6 Rdh8 27. Qg4+ 1-0

[Event "LSS SC-2010-0-00083"]
[Site "LSS email"]
[Date "2011.01.05"]
[Round "?"]
[White "Sherwood, Russell"]
[Black "Amartsev, Petr"]
[Result "1/2-1/2"]
[WhiteElo "1963"]
[BlackElo "1754"]
[PlyCount "136"]
[EventDate "2010.11.25"]
[EventType "tourn (corr)"]
[EventRounds "6"]
[EventCountry "GER"]
[SourceTitle "Telechess CBM 149"]
[Source "ChessBase"]
[SourceDate "2012.07.17"]
[SourceVersion "1"]
[SourceVersionDate "2012.07.17"]
[SourceQuality "1"]

1. e4 e5 2. Nf3 Nc6 3. d4 exd4 4. c3 dxc3 5. Bc4 cxb2 6. Bxb2 Bb4+ 7. Nc3 Nf6 8. 0-0 0-0 9. Nd5 Be7 10. Re1 d6 11. h3 Be6 12. Qc2 Nd7 13. Rad1 Re8 14. Re3 a6 15. a3 h6 16. Be2 Bxd5 17. exd5 Nce5 18. Nxe5 dxe5 19. Rg3 Bd6 20. Qd2 Qh4 21. Rg4 Qf6 22. Bd3 Bc5 23. Qc2 Qd6 24. Rc4 g6 25. a4 b6 26. Bc1 Kg7 27. h4 Nf6 28. Be2 a5 29. Be3 Rab8 30. h5 g5 31. Rc3 e4 32. Rxc5 bxc5 33. Bxc5 Qd8 34. Qc3 Kg8 35. Bb5 Re6 36. Bc4 Qd7 37. g3 Rc6 38. Bb5 Rxc5 39. Qxc5 Qd6 40. Qd4 Rc8 41. Kg2 Kg7 42. Qc3 Rd8 43. Bc6 Rb8 44. Bb5 Kg8 45. Qd4 Rb6 46. Rc1 Qxd5 47. Qxd5 Nxd5 48. Rc5 Rd6 49. Be2 Kf8 50. Rxa5 Nc3 51. Bc4 Rc6 52. Bd5 Nxd5 53. Rxd5 Ke7 54. Re5+ Re6 55. Rb5 f6 56. a5 Rc6 57. Kf1 Kd6 58. Rb8 f5 59. Rf8 Ke5 60. Re8+ Kd4 61. Rd8+ Kc4 62. Rf8 Ra6 63. Rxf5 c5 64. Ke2 Kb4 65. Re5 g4 66. Rxe4+ c4 67. Rxg4 Rxa5 68. Rg6 Rxh5 1/2-1/2